Land zu Nationalgericht - Statistiken

Allgemein
  • Dieses Quiz wurde 153 mal gespielt
  • Das Durchschnittsergebnis liegt bei 8 aus 20
Antwortstatistiken
Hint Antwort % Korrekt
Paella Spanien
90%
Pho Vietnam
88%
Moules Frites Belgien
75%
Langos Ungarn
65%
Nasi Goreng Indonesien
62%
Dal Indien
56%
Poutine Kanada
52%
Stamppot Niederlande
50%
Ugali Kenia
37%
Asado Argentinien
36%
Bigos Polen
33%
Shakshuka Israel
32%
Feijoada Brasilien
30%
Bobotie Südafrika
28%
Ghourmeh Sabzi Iran
26%
Ceviche Peru
26%
Kibbeh Libanon
19%
Ropa Vieja Kuba
14%
Chatchapuri Georgien
13%
Gallo Pinto Nicaragua
12%
Keine übereinstimmenden Quizze gefunden
Verteilung der Resultate
Anzahl Personen mit jedem Resultat
Perzentil nach korrekt beantworteten Fragen
Ihre Resultats-Entwicklung
Sie haben dieses Quiz noch nicht gespielt